[Event "Wch U18"]
[Site "Montesilvano"]
[Date "2023.11.22"]
[Round "9"]
[White "Ang, Ern Jie Anderson"]
[Black "Kasipour Azbari, Seyed Arvin"]
[Result "1/2-1/2"]
[WhiteElo "2103"]
[BlackElo "2261"]
[PlyCount "100"]
[EventDate "2023.11.13"]
[EventType "swiss"]
[EventRounds "11"]
[EventCountry "ITA"]
[SourceTitle "CB48_2023"]
[SourceDate "2023.11.29"]
[SourceVersion "1"]
[SourceVersionDate "2023.11.29"]
[SourceQuality "1"]

1. d4 d5 2. c4 c6 3. Nf3 Nf6 4. g3 Bg4 5. Bg2 e6 6. 0-0 Nbd7 7. b3 Be7 8. Bb2 0-0 9. Nbd2 h6 10. Rc1 Re8 11. Re1 Bb4 12. a3 Bxd2 13. Nxd2 e5 14. cxd5 cxd5 15. dxe5 Nxe5 16. Nf3 Nxf3+ 17. Bxf3 Bxf3 18. exf3 Rxe1+ 19. Qxe1 Qb6 20. Qd1 Rd8 21. Qd3 Qe6 22. Kg2 a6 23. b4 b5 24. Rc5 d4 25. Rc1 Nh7 26. Rd1 Ng5 27. f4 Qc6+ 28. f3 Nxf3 29. Kf2 Nxh2 30. Bxd4 Ng4+ 31. Kg1 Qd5 32. Qe2 Qh5 33. Rd2 Qg6 34. Bc5 Rxd2 35. Qxd2 Nf6 36. Qe1 Qd3 37. Be3 Qxa3 38. Qd2 Ng4 39. Bf2 Nxf2 40. Kxf2 Qb3 41. Qd6 Qc2+ 42. Kf3 Qc3+ 43. Kf2 g6 44. g4 Kg7 45. g5 hxg5 46. fxg5 Qc2+ 47. Kg3 Qf5 48. Qd4+ Kh7 49. Kh4 Qf3 50. Qg7+ Kxg7 1/2-1/2

[Event "Wch U18"]
[Site "Montesilvano"]
[Date "2023.11.20"]
[Round "7"]
[White "Ang, Ern Jie Anderson"]
[Black "Dreelinck, Adriaan"]
[Result "0-1"]
[WhiteElo "2103"]
[BlackElo "2264"]
[PlyCount "166"]
[EventDate "2023.11.13"]
[EventType "swiss"]
[EventRounds "11"]
[EventCountry "ITA"]
[SourceTitle "CB48_2023"]
[SourceDate "2023.11.29"]
[SourceVersion "1"]
[SourceVersionDate "2023.11.29"]
[SourceQuality "1"]

1. d4 Nf6 2. c4 g6 3. g3 Bg7 4. Bg2 d6 5. Nf3 0-0 6. 0-0 Nbd7 7. Nc3 e5 8. e4 exd4 9. Nxd4 Re8 10. h3 Nc5 11. Re1 h6 12. b3 a5 13. Bb2 a4 14. b4 a3 15. Bc1 Ne6 16. Nb3 Nd7 17. Qc2 Nb6 18. Qd3 Na4 19. Bd2 Ng5 20. Kh2 Nb2 21. Qe2 Be6 22. Nd5 Nxc4 23. Qxc4 Bxa1 24. Nxa1 c6 25. Qd4 cxd5 26. exd5 Bd7 27. Rxe8+ Bxe8 28. h4 Nh7 29. Bc3 f6 30. Nc2 h5 31. Ne3 Rc8 32. Be4 Qe7 33. Nd1 Kg7 34. Bd2 Qe5 35. Qd3 f5 36. Bf3 Nf6 37. Bc3 Qe7 38. Ne3 Kf7 39. Bd4 Ra8 40. Ng2 Nd7 41. Qd2 Ne5 42. Be2 Ba4 43. Qh6 Qf8 44. Qg5 Qg8 45. Ne3 Qg7 46. Nc4 Ng4+ 47. Bxg4 Qxd4 48. Nxd6+ Kf8 49. Bf3 Be8 50. Kg2 Bf7 51. Nxb7 Bxd5 52. Qh6+ Kf7 53. Qh7+ Kf6 54. Nc5 Bxf3+ 55. Kxf3 Qd5+ 56. Kf4 Qe5+ 57. Kf3 Qd5+ 58. Kf4 Rd8 59. Qa7 Qd1 60. Qxa3 Qg4+ 61. Ke3 Re8+ 62. Kd2 Re2+ 63. Kc3 Qf3+ 64. Nd3 Qc6+ 65. Nc5 Qf3+ 66. Nd3 Qc6+ 67. Nc5 Rxf2 68. Qc1 Qf3+ 69. Nd3 Qc6+ 70. Nc5 Rf3+ 71. Kc4 Rxg3 72. Qh6 Rg4+ 73. Kc3 Qe8 74. Nd3 Qc8+ 75. Nc5 Qe8 76. Nd3 Rxh4 77. b5 Qc8+ 78. Kd2 Rh2+ 79. Ke3 Qe6+ 80. Kd4 Rh4+ 81. Kc3 Qc4+ 82. Kd2 Rh2+ 83. Ke1 Qe4+ 0-1

[Event "Wch U18"]
[Site "Montesilvano"]
[Date "2023.11.13"]
[Round "1"]
[White "Ang, Ern Jie Anderson"]
[Black "Domalchuk Jonasson, Aleksandr"]
[Result "1/2-1/2"]
[WhiteElo "2103"]
[BlackElo "2403"]
[PlyCount "98"]
[EventDate "2023.11.13"]
[EventType "swiss"]
[EventRounds "11"]
[EventCountry "ITA"]
[SourceTitle "CB48_2023"]
[SourceDate "2023.11.29"]
[SourceVersion "1"]
[SourceVersionDate "2023.11.29"]
[SourceQuality "1"]

1. d4 Nf6 2. c4 c5 3. d5 b5 4. cxb5 a6 5. bxa6 g6 6. Nc3 Bg7 7. Nf3 0-0 8. e4 d6 9. Be2 Qa5 10. 0-0 Bxa6 11. Bd2 Nbd7 12. Bxa6 Qxa6 13. Qc2 Rfb8 14. a4 Qc4 15. Bc1 Ng4 16. Nd2 Qd4 17. Ra3 Nb6 18. Nb5 Qb4 19. b3 Ne5 20. Bb2 c4 21. Bxe5 Bxe5 22. bxc4 Bf4 23. a5 Nd7 24. Nb1 Rc8 25. Nd4 Rxc4 26. Nc6 Rxc2 27. Nxb4 Rc4 28. Nc6 Ne5 29. Nxe7+ Kf8 30. Nc6 Nxc6 31. dxc6 Rxc6 32. Nc3 Bd2 33. Nd5 Rxa5 34. Rxa5 Bxa5 35. Ra1 Kg7 36. g3 Rc5 37. Rd1 h5 38. h4 Rc4 39. Ne3 Rc6 40. Nd5 Rc4 41. Ne3 Rxe4 42. Rxd6 Bc7 43. Rd3 Ra4 44. Kg2 Ra2 45. Rc3 Bb6 46. Rc2 Ra8 47. Nd5 Bd4 48. Rd2 Bf6 49. Nxf6 Kxf6 1/2-1/2

[Event "Kuala Lumpur op 18th"]
[Site "Kuala Lumpur"]
[Date "2023.08.29"]
[Round "2"]
[White "Ang, Ern Jie Anderson"]
[Black "Song, Raymond"]
[Result "0-1"]
[WhiteElo "2158"]
[BlackElo "2516"]
[PlyCount "84"]
[EventDate "2023.08.28"]
[EventType "swiss"]
[EventRounds "9"]
[EventCountry "MAS"]
[SourceTitle "EXT 2024"]
[Source "ChessBase"]
[SourceDate "2023.10.10"]
[SourceVersion "1"]
[SourceVersionDate "2023.10.10"]
[SourceQuality "1"]

1. d4 Nf6 2. c4 e6 3. g3 c5 4. d5 exd5 5. cxd5 d6 6. Nc3 g6 7. Bg2 Bg7 8. Nf3 0-0 9. 0-0 Re8 10. Bf4 Bf5 11. Nd2 Nh5 12. Be3 a6 13. a4 Nd7 14. a5 b5 15. axb6 Nxb6 16. Qb3 a5 17. Nc4 Nxc4 18. Qxc4 Rb8 19. Ra2 Nf6 20. Bf4 Ng4 21. e4 Bc8 22. Qe2 Bd4 23. h3 Ne5 24. Rfa1 Qb6 25. Bf1 Bd7 26. Rxa5 Qxb2 27. Qxb2 Rxb2 28. Ne2 g5 29. Bc1 Rc2 30. Nxd4 cxd4 31. Ba3 d3 32. Bxd6 d2 33. Rc5 Ra2 34. Rb1 Nf3+ 35. Kg2 Ne1+ 36. Kh2 Nf3+ 37. Kg2 Ne1+ 38. Kh2 Rxe4 39. Rb8+ Be8 40. Rc4 d1Q 41. Rxe4 Rxf2+ 42. Kg1 Rxf1+ 0-1

[Event "Johor op-A 7th"]
[Site "Johor"]
[Date "2022.12.29"]
[Round "6"]
[White "Lim, Wei Sheng"]
[Black "Ang, Ern Jie Anderson"]
[Result "0-1"]
[WhiteElo "1708"]
[BlackElo "2121"]
[PlyCount "94"]
[EventDate "2022.12.26"]
[EventType "swiss"]
[EventRounds "9"]
[EventCountry "MAS"]
[SourceTitle "CBM 212 Extra"]
[Source "ChessBase"]
[SourceDate "2023.03.31"]
[SourceVersion "1"]
[SourceVersionDate "2023.03.31"]
[SourceQuality "1"]

1. d4 d5 2. c4 c6 3. Nc3 Nf6 4. e3 e6 5. Nf3 Be7 6. Bd3 0-0 7. 0-0 Nbd7 8. e4 dxe4 9. Nxe4 b6 10. Ng3 Bb7 11. Qe2 c5 12. dxc5 Bxf3 13. Qxf3 Ne5 14. Qb7 Nxd3 15. cxb6 Nc5 16. Qf3 Qxb6 17. Rb1 Qb7 18. Qxb7 Nxb7 19. b4 Rfc8 20. c5 Nd8 21. Bd2 a5 22. a3 axb4 23. axb4 Rab8 24. Rfc1 Nc6 25. Ne2 Nd5 26. b5 Ne5 27. c6 Ba3 28. Rd1 Nc4 29. Be1 Nb2 30. Rd2 Rxb5 31. Nd4 Rbb8 32. Rc2 Nd3 33. Rxb8 Rxb8 34. c7 Nxc7 35. Rxc7 Rb1 36. Rc8+ Bf8 37. g3 Nxe1 38. Nc6 g5 39. Kf1 Nf3+ 40. Ke2 g4 41. Nd8 Re1+ 42. Kd3 Rd1+ 43. Kc2 Rd2+ 44. Kc3 Rxf2 45. Rc7 Ng5 46. Rc4 h5 47. Nc6 Rxh2 0-1

[Event "Johor op-A 7th"]
[Site "Johor"]
[Date "2022.12.27"]
[Round "2"]
[White "Ang, Ern Jie Anderson"]
[Black "Bui, Vinh"]
[Result "1/2-1/2"]
[WhiteElo "2121"]
[BlackElo "2403"]
[PlyCount "109"]
[EventDate "2022.12.26"]
[EventType "swiss"]
[EventRounds "9"]
[EventCountry "MAS"]
[SourceTitle "CBM 212 Extra"]
[Source "ChessBase"]
[SourceDate "2023.03.31"]
[SourceVersion "1"]
[SourceVersionDate "2023.03.31"]
[SourceQuality "1"]

1. d4 e6 2. c4 f5 3. g3 Nf6 4. Bg2 Bb4+ 5. Nc3 0-0 6. Nf3 Ne4 7. Qc2 d6 8. 0-0 Bxc3 9. bxc3 Nc6 10. Nd2 Nxd2 11. Bxd2 e5 12. c5 dxc5 13. Bxc6 bxc6 14. dxe5 Qd5 15. Bf4 Be6 16. Rfd1 Qc4 17. Qd3 Qa4 18. f3 Rab8 19. Rd2 Rb5 20. Kf2 c4 21. Qe3 Rfb8 22. Rad1 Rd5 23. h4 Qa5 24. h5 Qb6 25. h6 Qxe3+ 26. Bxe3 a5 27. hxg7 Kxg7 28. Rd4 Rxd4 29. Rxd4 Kg6 30. g4 Rb2 31. Rd2 Rb5 32. gxf5+ Bxf5 33. Bd4 c5 34. e4 cxd4 35. exf5+ Kxf5 36. Rxd4 Kxe5 37. Ke3 h5 38. Rxc4 Kd6 39. Rd4+ Ke6 40. Rc4 Re5+ 41. Kf4 Rf5+ 42. Ke3 Kd6 43. Ra4 Rc5 44. Kd3 c6 45. Rf4 Rd5+ 46. Ke3 Re5+ 47. Kd3 Ke6 48. Rc4 Kd6 49. Rf4 Rd5+ 50. Ke3 Rc5 51. Kd4 Rd5+ 52. Ke3 Kc5 53. Rf6 Re5+ 54. Kd3 Rd5+ 55. Ke3 1/2-1/2

[Event "Eastern Asia-ch U18"]
[Site "Tornelo INT"]
[Date "2021.10.31"]
[Round "8"]
[White "Bizhigitov, Zhangir"]
[Black "Ang, Ern Jie Anderson"]
[Result "0-1"]
[WhiteElo "1867"]
[BlackElo "1806"]
[PlyCount "86"]
[EventDate "2021.10.29"]
[EventType "swiss"]
[EventRounds "9"]
[EventCountry "NET"]
[SourceTitle "CBM 205 Extra"]
[Source "ChessBase"]
[SourceDate "2022.01.31"]
[SourceVersion "1"]
[SourceVersionDate "2022.01.31"]
[SourceQuality "1"]

1. e4 c5 2. Nf3 Nc6 3. d4 cxd4 4. Nxd4 g6 5. c4 Bg7 6. Be3 Nf6 7. Nc3 0-0 8. Be2 d6 9. 0-0 Nxd4 10. Bxd4 Bd7 11. Qd2 Bc6 12. f3 a5 13. b3 Nd7 14. Be3 Nc5 15. Rab1 Qb6 16. Rfc1 Rfc8 17. Bf1 h5 18. Qf2 Qb4 19. Nd5 Bxd5 20. exd5 a4 21. Qc2 axb3 22. axb3 Ra3 23. Kh1 Nxb3 24. Rd1 Qa4 25. Bg5 Rc7 26. Re1 Kf8 27. Qe4 Be5 28. Qh4 Nd4 29. c5 Nf5 30. Qxa4 Rxa4 31. cxd6 Bxd6 32. Bd3 Rd4 33. Be4 Rb4 34. Rbc1 Rxc1 35. Rxc1 Kg7 36. Bd2 Rb3 37. Bc3+ f6 38. g4 hxg4 39. fxg4 Ne3 40. Bd2 Nxg4 41. Bc2 Rh3 42. Be1 Rxh2+ 43. Kg1 Bc5+ 0-1

[Event "Eastern Asia-ch U18"]
[Site "Tornelo INT"]
[Date "2021.10.30"]
[Round "5"]
[White "Nguyen, Anh Dung1111"]
[Black "Ang, Ern Jie Anderson"]
[Result "0-1"]
[WhiteElo "1303"]
[BlackElo "1806"]
[PlyCount "76"]
[EventDate "2021.10.29"]
[EventType "swiss"]
[EventRounds "9"]
[EventCountry "NET"]
[SourceTitle "CBM 205 Extra"]
[Source "ChessBase"]
[SourceDate "2022.01.31"]
[SourceVersion "1"]
[SourceVersionDate "2022.01.31"]
[SourceQuality "1"]

1. d4 c5 2. d5 e6 3. c4 Nf6 4. Nc3 exd5 5. cxd5 d6 6. Nf3 g6 7. Bg5 Bg7 8. e3 h6 9. Bh4 0-0 10. Bd3 Na6 11. Bxa6 bxa6 12. 0-0 Rb8 13. Qe2 g5 14. Bg3 Nh5 15. Rac1 a5 16. b3 Bg4 17. Qa6 Nxg3 18. hxg3 Bc8 19. Qd3 Qf6 20. Nd2 Rb6 21. Nc4 Ba6 22. Rfd1 Bxc4 23. Qxc4 Qg6 24. Qd3 Qxd3 25. Rxd3 Bxc3 26. Rcxc3 a4 27. bxa4 Rb1+ 28. Kh2 Rb2 29. f4 Rxa2 30. Rc4 Rb8 31. Kh3 Rb1 32. e4 Rh1+ 33. Kg4 gxf4 34. gxf4 Rxg2+ 35. Kf5 Rh5+ 36. Kf6 Kf8 37. f5 Rb2 38. e5 Rf2 0-1

[Event "Eastern Asia-ch U18"]
[Site "Tornelo INT"]
[Date "2021.10.29"]
[Round "3"]
[White "Bosagh Zadeh, Alireza"]
[Black "Ang, Ern Jie Anderson"]
[Result "1-0"]
[WhiteElo "1902"]
[BlackElo "1806"]
[PlyCount "109"]
[EventDate "2021.10.29"]
[EventType "swiss"]
[EventRounds "9"]
[EventCountry "NET"]
[SourceTitle "CBM 205 Extra"]
[Source "ChessBase"]
[SourceDate "2022.01.31"]
[SourceVersion "1"]
[SourceVersionDate "2022.01.31"]
[SourceQuality "1"]

1. e4 c5 2. Nf3 Nc6 3. Bb5 g6 4. 0-0 Bg7 5. Bxc6 dxc6 6. d3 Nf6 7. h3 Nd7 8. Nc3 e5 9. Be3 Qe7 10. a4 Nf8 11. a5 Ne6 12. Na4 0-0 13. Ra3 f5 14. Rc3 Nd4 15. exf5 Bxf5 16. Nd2 b6 17. axb6 axb6 18. Nxb6 Ra2 19. Nbc4 Rfa8 20. Bxd4 cxd4 21. Ra3 R2xa3 22. bxa3 Rf8 23. a4 h5 24. a5 Bxh3 25. gxh3 Qg5+ 26. Kh1 Qh4 27. Nf3 Qxh3+ 28. Nh2 Bh6 29. f3 g5 30. Qe2 g4 31. fxg4 Bf4 32. Qg2 Qh4 33. gxh5+ Kh8 34. Qf2 Qh3 35. Nxe5 Kh7 36. Ng6 Bxh2 37. Nxf8+ Kh6 38. Qf6+ Kxh5 39. Qg6+ Kh4 40. Qh6+ Kg4 41. Qxh3+ Kxh3 42. a6 Bb8 43. Rg1 c5 44. Rg7 c4 45. Rb7 cxd3 46. cxd3 Bd6 47. a7 Be5 48. a8Q Bb8 49. Rh7+ Kg4 50. Qe4+ Bf4 51. Rh4+ Kxh4 52. Qxf4+ Kh5 53. Qf5+ Kh4 54. Ng6+ Kg3 55. Qf4+ 1-0

[Event "Zonal 3.3 Online"]
[Site "Tornelo INT"]
[Date "2021.05.07"]
[Round "7"]
[White "Ang, Ern Jie Anderson"]
[Black "Tan, Jun Ying"]
[Result "0-1"]
[WhiteElo "1910"]
[BlackElo "2151"]
[PlyCount "88"]
[EventDate "2021.05.01"]
[EventType "swiss"]
[EventRounds "9"]
[EventCountry "PHI"]
[SourceTitle "CBM 202 Extra"]
[Source "ChessBase"]
[SourceDate "2021.07.31"]
[SourceVersion "1"]
[SourceVersionDate "2021.07.31"]
[SourceQuality "1"]

1. Nf3 c5 2. c4 Nc6 3. d4 cxd4 4. Nxd4 Nf6 5. Nc3 e6 6. g3 Qb6 7. Nc2 Bc5 8. Ne3 d5 9. a3 Bxe3 10. Bxe3 d4 11. Na4 Qa6 12. Bd2 Qxc4 13. Bg2 e5 14. Rc1 Qe6 15. Nc5 Qf5 16. Nxb7 Bxb7 17. Rxc6 Ne4 18. Qa4 0-0 19. f4 Bxc6 20. Qxc6 Nxd2 21. Kxd2 exf4 22. Qf3 Rab8 23. b4 Rfc8 24. Qd3 Qxd3+ 25. exd3 Rc3 26. Ra1 fxg3 27. hxg3 Rb6 28. Bd5 Rf6 29. Re1 Rf2+ 30. Kd1 Rxd3+ 31. Kc1 Re3 32. Rd1 Rxa3 33. Kb1 Rxg3 34. Re1 g5 35. b5 Re3 36. Rg1 Re5 37. Bc4 h5 38. Bd3 h4 39. b6 axb6 40. Rc1 h3 41. Ba6 h2 42. Bf1 h1Q 43. Rc8+ Kg7 44. Rg8+ Kxg8 0-1

[Event "Zonal 3.3 Online"]
[Site "Tornelo INT"]
[Date "2021.05.04"]
[Round "4"]
[White "Laohawirapap, Prin"]
[Black "Ang, Ern Jie Anderson"]
[Result "0-1"]
[WhiteElo "2125"]
[BlackElo "1910"]
[PlyCount "84"]
[EventDate "2021.05.01"]
[EventType "swiss"]
[EventRounds "9"]
[EventCountry "PHI"]
[SourceTitle "CBM 202 Extra"]
[Source "ChessBase"]
[SourceDate "2021.07.31"]
[SourceVersion "1"]
[SourceVersionDate "2021.07.31"]
[SourceQuality "1"]

1. e4 c5 2. Nc3 Nc6 3. Bb5 Nd4 4. Nf3 a6 5. Bd3 g6 6. b4 Nxf3+ 7. Qxf3 cxb4 8. Nd5 Bg7 9. Rb1 e6 10. Ne3 Ne7 11. Rxb4 Nc6 12. Bb2 Kf8 13. Bxg7+ Kxg7 14. Rb1 Qf6 15. Qg3 h5 16. f4 h4 17. Qf3 d6 18. 0-0 Qd8 19. f5 Ne5 20. f6+ Kg8 21. Qf2 d5 22. exd5 Nxd3 23. cxd3 exd5 24. h3 Rh5 25. Rb4 d4 26. Nc2 Bxh3 27. Rxd4 Bd7 28. Rxh4 Qa5 29. Ne3 Re8 30. Qg3 Rxh4 31. Qxh4 Qxd2 32. Nd5 Bc6 33. Nf4 Re5 34. Qg4 Rf5 35. Kh2 Rxf6 36. a4 Qb2 37. a5 Qe5 38. Kg1 Rf5 39. Nh3 Qe3+ 40. Nf2 Rg5 41. Qc8+ Kg7 42. Qxc6 bxc6 0-1

[Event "Zonal 3.3 Online"]
[Site "Tornelo INT"]
[Date "2021.05.02"]
[Round "2"]
[White "Senglek, Khonesavanh"]
[Black "Ang, Ern Jie Anderson"]
[Result "0-1"]
[WhiteElo "1253"]
[BlackElo "1910"]
[PlyCount "106"]
[EventDate "2021.05.01"]
[EventType "swiss"]
[EventRounds "9"]
[EventCountry "PHI"]
[SourceTitle "CBM 202 Extra"]
[Source "ChessBase"]
[SourceDate "2021.07.31"]
[SourceVersion "1"]
[SourceVersionDate "2021.07.31"]
[SourceQuality "1"]

1. e4 c5 2. c3 Nf6 3. e5 Nd5 4. d4 cxd4 5. cxd4 d6 6. Nc3 Nxc3 7. bxc3 dxe5 8. Bb5+ Bd7 9. Bc4 exd4 10. Qxd4 Nc6 11. Qf4 e6 12. Be3 Qf6 13. Ne2 Qxf4 14. Nxf4 Na5 15. Bd3 Bc6 16. 0-0 Bd6 17. Nh3 h6 18. f4 0-0 19. Nf2 Rfd8 20. f5 exf5 21. Bxf5 Be5 22. Rac1 Nc4 23. Ng4 Nxe3 24. Nxe3 Rd2 25. Bh3 Rxa2 26. Nc4 Bc7 27. Rf2 Bxh2+ 28. Kf1 Bb5 29. Rxa2 Bxc4+ 30. Kf2 Bxa2 31. g3 Bd5 32. Bg2 Bxg3+ 33. Kxg3 Bxg2 34. Kxg2 Re8 35. Rb1 Re3 36. Rxb7 Rxc3 37. Rxa7 g5 38. Rb7 Kg7 39. Rb6 f6 40. Rb8 h5 41. Rb7+ Kg6 42. Rb8 h4 43. Rg8+ Kh5 44. Re8 f5 45. Re5 Kg4 46. Ra5 Rc2+ 47. Kh1 f4 48. Ra1 f3 49. Rg1+ Kh3 50. Rf1 Rh2+ 51. Kg1 Rg2+ 52. Kh1 f2 53. Ra1 Rh2# 0-1

[Event "Zonal 3.3 Online"]
[Site "Tornelo INT"]
[Date "2021.05.01"]
[Round "1"]
[White "Ang, Ern Jie Anderson"]
[Black "Roque, Merben"]
[Result "0-1"]
[WhiteElo "1910"]
[BlackElo "2330"]
[PlyCount "148"]
[EventDate "2021.05.01"]
[EventType "swiss"]
[EventRounds "9"]
[EventCountry "PHI"]
[SourceTitle "CBM 202 Extra"]
[Source "ChessBase"]
[SourceDate "2021.07.31"]
[SourceVersion "1"]
[SourceVersionDate "2021.07.31"]
[SourceQuality "1"]

1. c4 Nf6 2. Nc3 g6 3. g3 Bg7 4. Bg2 0-0 5. Nf3 d6 6. d4 Nc6 7. 0-0 a6 8. b3 e5 9. dxe5 dxe5 10. Ba3 Re8 11. Qxd8 Rxd8 12. Rad1 Bf5 13. Nh4 Be6 14. Bxc6 bxc6 15. Nf3 Bh3 16. Rfe1 Re8 17. Ng5 Bc8 18. e4 Bg4 19. f3 Bc8 20. Kg2 Nd7 21. Nh3 a5 22. Nf2 Nb6 23. Bc5 Nd7 24. Na4 Nf8 25. Bxf8 Bxf8 26. Nd3 f6 27. Kf2 Kf7 28. Re2 Be6 29. Rc2 Red8 30. Ke2 Ba3 31. Ndc5 Bb4 32. Rxd8 Rxd8 33. Nd3 Ba3 34. Rd2 Ke7 35. Kd1 Rd4 36. Ne1 Rxd2+ 37. Kxd2 Bb4+ 38. Ke2 Kd6 39. Nd3 c5 40. Nab2 Bc3 41. Nd1 Bd4 42. Ne3 f5 43. Nf2 a4 44. Nc2 axb3 45. axb3 Bc8 46. Nxd4 cxd4 47. b4 c5 48. b5 Be6 49. Kd3 Kc7 50. Nd1 fxe4+ 51. fxe4 Bh3 52. Nb2 Kd6 53. b6 Kc6 54. Na4 Bc8 55. Kd2 Bb7 56. Kc2 Kd6 57. Kd3 Bc6 58. b7 Bxb7 59. Nb6 Kc6 60. Nd5 Kd6 61. Nf6 h6 62. Ng4 Bc8 63. Nxh6 Ke7 64. h4 Be6 65. g4 Kf6 66. g5+ Ke7 67. Kd2 Bxc4 68. h5 gxh5 69. Nf5+ Kf8 70. Nh4 Kf7 71. Nf3 Ke6 72. g6 Kf6 73. Kc2 Bg8 74. g7 c4 0-1

[Event "Wch FIDE Online U10"]
[Site "Tornelo INT"]
[Date "2020.12.19"]
[Round "1.1"]
[White "Ang, Ern Jie Anderson"]
[Black "Marrujo Pardo, Mauricio Emmanuel"]
[Result "1/2-1/2"]
[WhiteElo "1910"]
[BlackElo "1857"]
[PlyCount "48"]
[EventDate "2020.12.19"]
[EventType "k.o. (rapid)"]
[EventRounds "4"]
[EventCountry "ISS"]
[SourceTitle "EXT 2022"]
[Source "ChessBase"]
[SourceDate "2021.10.06"]
[SourceVersion "1"]
[SourceVersionDate "2021.10.06"]
[SourceQuality "1"]

1. d4 d5 2. c4 dxc4 3. e3 Nf6 4. Bxc4 e6 5. Nf3 c5 6. 0-0 Nc6 7. dxc5 Bxc5 8. Qxd8+ Kxd8 9. Nbd2 a6 10. b3 Ke7 11. Be2 b5 12. Bb2 Bb7 13. Rac1 Bd6 14. Rfd1 Rac8 15. a3 Rhd8 16. Ne1 Be5 17. Bxe5 Nxe5 18. Ndf3 Nxf3+ 19. Nxf3 Rxd1+ 20. Rxd1 Rc3 21. Rd3 Rc1+ 22. Rd1 Rc3 23. Rd3 Rc1+ 24. Rd1 Rc3 1/2-1/2

[Event "Wch FIDE Online U10 Asia qual"]
[Site "Tornelo INT"]
[Date "2020.12.13"]
[Round "7"]
[White "Ang, Ern Jie Anderson"]
[Black "Mrinmoy, Rajkhowa"]
[Result "0-1"]
[WhiteElo "1910"]
[BlackElo "1547"]
[PlyCount "110"]
[EventDate "2020.12.11"]
[EventType "swiss (rapid)"]
[EventRounds "7"]
[EventCountry "ISS"]
[SourceTitle "EXT 2022"]
[Source "ChessBase"]
[SourceDate "2021.10.06"]
[SourceVersion "1"]
[SourceVersionDate "2021.10.06"]
[SourceQuality "1"]

1. d4 Nf6 2. c4 g6 3. Nc3 d5 4. cxd5 Nxd5 5. g3 Bg7 6. Bg2 Nxc3 7. bxc3 c5 8. Nf3 Nc6 9. e3 0-0 10. 0-0 Qc7 11. Ba3 b6 12. Rc1 Rd8 13. Qa4 Bb7 14. dxc5 Ne5 15. Nxe5 Bxg2 16. Kxg2 Bxe5 17. cxb6 axb6 18. Qb3 Qa7 19. Bb4 Bf6 20. a3 Qb7+ 21. Kg1 h5 22. h4 Qf3 23. Qc4 Be5 24. Rc2 Rd1 25. Bxe7 Bxg3 26. Qe2 Rxf1+ 27. Qxf1 Be5 28. Rd2 Bxc3 29. Qd1 Qf5 30. Rd8+ Rxd8 31. Qxd8+ Kg7 32. Qc7 Be5 33. Qc4 Qh3 34. Qa2 Bh2+ 35. Kh1 Bd6+ 36. Kg1 Bxe7 37. Qd5 Qxh4 38. Qe5+ Qf6 39. Qe4 Bxa3 40. Kf1 b5 41. Qd3 b4 42. Qb3 Qc3 43. Qxc3+ bxc3 44. e4 c2 45. e5 c1Q+ 46. Kg2 Qe1 47. e6 Qxe6 48. Kf3 Bc5 49. Kg2 Qg4+ 50. Kf1 Qf3 51. Ke1 Qxf2+ 52. Kd1 Bb4 53. Kc1 Qd2+ 54. Kb1 Ba3 55. Ka1 Qb2# 0-1

[Event "Wch FIDE Online U10 Asia qual"]
[Site "Tornelo INT"]
[Date "2020.12.12"]
[Round "3"]
[White "Ang, Ern Jie Anderson"]
[Black "Raj, Jaivardhan"]
[Result "1-0"]
[WhiteElo "1910"]
[BlackElo "1591"]
[PlyCount "107"]
[EventDate "2020.12.11"]
[EventType "swiss (rapid)"]
[EventRounds "7"]
[EventCountry "ISS"]
[SourceTitle "EXT 2022"]
[Source "ChessBase"]
[SourceDate "2021.10.06"]
[SourceVersion "1"]
[SourceVersionDate "2021.10.06"]
[SourceQuality "1"]

1. d4 d5 2. c4 c6 3. Nc3 Nf6 4. Nf3 e6 5. Qd3 Nbd7 6. e4 dxe4 7. Nxe4 Bb4+ 8. Bd2 Bxd2+ 9. Nfxd2 0-0 10. Be2 Qe7 11. 0-0 e5 12. d5 cxd5 13. cxd5 Nxe4 14. Nxe4 f5 15. d6 Qh4 16. Qd5+ Kh8 17. Nc5 Nf6 18. Qd2 Bd7 19. Nxd7 Nxd7 20. Rac1 f4 21. Bf3 Nf6 22. Rfe1 Rae8 23. Bxb7 e4 24. d7 Rd8 25. Rc8 f3 26. Qd6 Kg8 27. Qe6+ Kh8 28. g3 Qg5 29. Bxe4 Nxe4 30. Qxe4 h6 31. h4 Qa5 32. b4 Qb6 33. Rec1 Qd6 34. Rxd8 Rxd8 35. Qe8+ Qf8 36. Qxf8+ Rxf8 37. Rc8 Kg8 38. Rxf8+ Kxf8 39. d8Q+ Kf7 40. Qd5+ Ke7 41. b5 Kf6 42. Qxf3+ Ke5 43. Qe3+ Kd5 44. Qxa7 Kc4 45. b6 Kc3 46. b7 Kc4 47. b8Q Kc3 48. Qac7+ Kd4 49. Qbd8+ Ke4 50. Qce7+ Kf5 51. Qd5+ Kg6 52. Qde4+ Kh5 53. Qf7+ g6 54. Qfxg6# 1-0

[Event "Asia Nations online Cup"]
[Site "Chess.com INT"]
[Date "2020.10.18"]
[Round "7.10"]
[White "Ang, Ern Jie Anderson"]
[Black "Laohawirapap, Prin"]
[Result "0-1"]
[WhiteElo "1910"]
[BlackElo "1913"]
[PlyCount "83"]
[EventDate "2020.10.10"]
[EventType "team-swiss (rapid)"]
[EventRounds "9"]
[EventCountry "IND"]
[SourceTitle "CBM 198 Extra"]
[Source "ChessBase"]
[SourceDate "2020.11.30"]
[SourceVersion "1"]
[SourceVersionDate "2020.11.30"]
[SourceQuality "1"]
[WhiteTeam "Malaysia"]
[BlackTeam "Thailand"]
[WhiteTeamCountry "MAS"]
[BlackTeamCountry "THA"]

1. d4 Nf6 2. c4 c5 3. d5 e6 4. Nc3 exd5 5. cxd5 d6 6. e4 g6 7. Nf3 a6 8. a4 Bg4 9. Be2 Bxf3 10. Bxf3 Bg7 11. 0-0 0-0 12. Bf4 Ne8 13. Re1 Nd7 14. Qd2 Be5 15. Bxe5 Nxe5 16. Be2 g5 17. g3 g4 18. h3 h5 19. Qh6 Ng7 20. hxg4 hxg4 21. Kg2 f5 22. Rh1 Qf6 23. Qxf6 Rxf6 24. exf5 Rxf5 25. Rh4 Raf8 26. Ne4 Nf3 27. Rxg4 Nd2 28. f3 Nb3 29. Rf1 Nd4 30. Bd1 Rxd5 31. Rg6 Ndf5 32. Kf2 Rd4 33. Ke2 d5 34. Nc3 Re8+ 35. Kf2 Rd2+ 36. Kg1 Kf7 37. Rg4 Ne3 38. Rf4+ Kg6 39. Re1 Rg2+ 40. Kh1 Ngf5 41. Rg4+ Kf7 42. Rh4 0-1

[Event "Penang op 11th"]
[Site "Penang"]
[Date "2019.12.13"]
[Round "7"]
[White "Sun, Chao"]
[Black "Ang, Ern Jie Anderson"]
[Result "1-0"]
[WhiteElo "2106"]
[BlackElo "1852"]
[PlyCount "94"]
[EventDate "2019.12.09"]
[EventType "swiss"]
[EventRounds "9"]
[EventCountry "MAS"]
[SourceTitle "CBM 193 Extra"]
[Source "ChessBase"]
[SourceDate "2020.01.31"]
[SourceVersion "1"]
[SourceVersionDate "2020.01.31"]
[SourceQuality "1"]

1. Nf3 d5 2. b3 c5 3. Bb2 Nc6 4. e3 Nf6 5. g3 g6 6. Bg2 Bg7 7. 0-0 0-0 8. Ne5 Nxe5 9. Bxe5 Bg4 10. Qc1 Ne8 11. Bxg7 Kxg7 12. c4 d4 13. Bxb7 Nd6 14. Bg2 e5 15. Qe1 Re8 16. d3 f5 17. h3 Bh5 18. Bxa8 Qxa8 19. Nd2 e4 20. dxe4 Nxe4 21. Nxe4 Rxe4 22. Qd2 dxe3 23. fxe3 Qe8 24. Rae1 Qe5 25. Rf4 g5 26. Qg2 Qc3 27. Rff1 a5 28. Kh2 Bg6 29. Rc1 Qe5 30. Qf2 h5 31. Rcd1 h4 32. Rd5 Qc3 33. Rxf5 hxg3+ 34. Qxg3 Bxf5 35. Rxf5 Qd2+ 36. Qg2 Qd6+ 37. Kh1 Re6 38. Rxg5+ Kh6 39. Qg4 Qc6+ 40. Kg1 Rg6 41. Rxg6+ Qxg6 42. Qxg6+ Kxg6 43. Kf2 a4 44. bxa4 Kf5 45. a5 Ke4 46. Ke2 Kf5 47. a6 Kg5 1-0